书目信息 |
| 题名: |
商业景观
|
|
| 作者: | HKASP先锋空间 主编 | |
| 分册: | ||
| 出版信息: | 南京 江苏科学技术出版社 2013.10 |
|
| 页数: | 333页 | |
| 开本: | 30cm | |
| 丛书名: | ||
| 单 册: | ||
| 中图分类: | tu984.13 | |
| 科图分类: | ||
| 主题词: | 城市规划 | |
| 电子资源: | ||
| ISBN: | 978-7-5537-1940-5 | |
| 000 | 00659nam0 2200205 450 | |
| 001 | 1355131766 | |
| 005 | 20140626161517.04 | |
| 010 | @a978-7-5537-1940-5@b精装@dCNY368.00 | |
| 100 | @a20131212d2013 km y0chiy0120 ea | |
| 101 | 0 | @achi |
| 102 | @aCN@b320000 | |
| 200 | 1 | @a商业景观@Ashang ye jing guan@d=Commerc ial landscare@fHKASP先锋空间主编@FHKASP xian feng kong jian zhu bian@zeng |
| 210 | @a南京@c江苏科学技术出版社@d2013.10 | |
| 215 | @a333页@d30cm | |
| 510 | 1 | @aCommerc ial landscare@zeng |
| 606 | 0 | @a城市规划 |
| 690 | @atu984.13@v5 | |
| 701 | 0 | @aHKASP先锋空间@AHKASP xian feng kong jian@4主编 |
| 801 | 0 | @aCN@c20131212 |
| 905 | @dTU984.13@eX239@f1 | |
| 商业景观=Commerc ial landscare/HKASP先锋空间主编.-南京:江苏科学技术出版社,2013.10 |
| 333页;30cm |
| ISBN 978-7-5537-1940-5(精装):CNY368.00 |
| ● |
| 相关链接 |
|
|
|
正题名:商业景观
索取号:TU984.13/X239
 
预约/预借
| 序号 | 登录号 | 条形码 | 馆藏地/架位号 | 状态 | 备注 |
| 1 | 494244 | 204942447 | 建筑与城市规划学院资料室/ [索取号:TU984.13/X239] | 在馆 | |
| 2 | 816835 | 208168356 | 建筑库201/201建筑库 63排7列4层/ [索取号:TU984.13/X239] | 在馆 |